000 01245nam a2200253Ia 4500
000 01542naaa 00289uu
001 https://directory.doabooks.org/handle/20.500.12854/68041
005 20260218105534.0
008 211013s9999 xx 000 0 und d
020 _a9783846760802
024 _a10.30965/9783846760802
042 _adc
245 0 _aAus der Welt gefallen : Die Geographie der Verschollenen
260 _bBrill
_c2019
300 _a1 electronic resource (203 p.)
520 _aDrawing from the archive of the Perthes publishing house, this study reconstructs how cast away explorers shaped not only the literary imagination but also the history of cartography. Petermanns Geographische Mitteilungen, one of the most prestigious geographical journals in 19th century Europe, extensively propel the stories of those who got lost in the process of exploration.
540 _aCreative Commons
653 _aLiterary studies: from c 1900 -
700 1 _aKuhn, Kristina
700 1 _aStruck, Wolfgang
856 _uhttps://docs.google.com/spreadsheets/d/1yKIrdCPDAG_9c22mwoOIO2DOhtj65Wqa/edit?usp=sharing&ouid=106555315294820607512&rtpof=true&sd=true
_yList of Curated E-Books
942 _cE-BOOK
999 _c44751
_d44751